| 000 | 00571nam a2200217 4500 | ||
|---|---|---|---|
| 005 | 20220912155950.0 | ||
| 006 | 000 | ||
| 007 | 000 | ||
| 008 | 000 | ||
| 020 | _a9781118502143 | ||
| 040 | _aUOEL | ||
| 050 |
_aQB981 _b.L56 2015 |
||
| 100 | _aLiddle, Andrew | ||
| 245 |
_aAn introduction to modern cosmology / _cby Andrew Liddle |
||
| 250 | _a3rd Edition | ||
| 260 |
_aIndia : _bLasewords private limited, _cc2015. |
||
| 300 |
_ax, 182 p. : _bill. |
||
| 500 | _aIncludes bibliographical references and index | ||
| 650 |
_aModern cosmology _xAstronomy |
||
| 942 |
_2lcc _cBK |
||
| 999 |
_c17473 _d17473 |
||